[Event "Villa Martelli ProAm op 23rd"]
[Site "Villa Martelli"]
[Date "2016.11.23"]
[Round "5"]
[White "Zuriel, Marisa"]
[Black "Strgacich, Aylen"]
[Result "1-0"]
[WhiteElo "2241"]
[BlackElo "1878"]
[PlyCount "126"]
[EventDate "2016.11.20"]
[EventType "swiss"]
[EventRounds "9"]
[EventCountry "ARG"]
[SourceTitle "CBM 175 Extra"]
[Source "ChessBase"]
[SourceDate "2016.12.12"]
[SourceVersion "1"]
[SourceVersionDate "2016.12.12"]
[SourceQuality "1"]

1. e4 c5 2. Nf3 d6 3. d4 cxd4 4. Nxd4 Nf6 5. f3 a6 6. c4 g6 7. Nc3 Nc6 8. Nc2 Bg7 9. Be3 Bd7 10. Qd2 Qa5 11. Rc1 0-0 12. Be2 Ne8 13. Na3 Rc8 14. 0-0 Kh8 15. Rfd1 e6 16. c5 d5 17. exd5 exd5 18. Nxd5 Be6 19. Nb6 Rd8 20. Qxa5 Rxd1+ 21. Rxd1 Nxa5 22. b3 Nc6 23. Nc2 Nc7 24. Nd4 Nb4 25. Nxe6 Nxe6 26. Rd7 Re8 27. Nc4 Nf8 28. Rd2 Bc3 29. Rd1 Nxa2 30. Kf2 Bg7 31. Nd6 Re7 32. Bc4 Kg8 33. Bg5 Rc7 34. Be3 Nb4 35. Rd2 h6 36. g4 Re7 37. Bf4 Nc6 38. Be3 Ne5 39. Bd5 Nc6 40. Nxb7 Rxb7 41. Bxc6 Rxb3 42. Ra2 Ne6 43. Bd5 Rb2+ 44. Rxb2 Bxb2 45. Bxe6 fxe6 46. c6 Be5 47. Bb6 Bxh2 48. c7 Bxc7 49. Bxc7 Kf7 50. Kg3 Kf6 51. Kf4 h5 52. Be5+ Kf7 53. gxh5 gxh5 54. Kg5 h4 55. Kxh4 Kg6 56. Kg4 a5 57. Kf4 a4 58. Bd6 Kf6 59. Ke4 Kg5 60. Be7+ Kg6 61. Ke5 Kh5 62. Kxe6 a3 63. Bxa3 Kg5 1-0

[Event "Buenos Aires Rubinstein Memorial 26th"]
[Site "Buenos Aires"]
[Date "2016.08.12"]
[Round "8"]
[White "Bernal, Lucas"]
[Black "Strgacich, Aylen"]
[Result "1/2-1/2"]
[WhiteElo "1966"]
[BlackElo "1928"]
[PlyCount "101"]
[EventDate "2016.08.06"]
[EventType "swiss"]
[EventRounds "8"]
[EventCountry "ARG"]
[SourceTitle "CBM 174 Extra"]
[Source "ChessBase"]
[SourceDate "2016.10.10"]
[SourceVersion "1"]
[SourceVersionDate "2016.10.10"]
[SourceQuality "1"]

1. d4 Nf6 2. Nf3 g6 3. c4 Bg7 4. g3 c6 5. Bg2 0-0 6. 0-0 d5 7. cxd5 cxd5 8. Nc3 Ne4 9. Bf4 Nc6 10. Rc1 Nxc3 11. bxc3 Na5 12. Ne5 b5 13. c4 bxc4 14. Nxc4 Nxc4 15. Rxc4 dxc4 16. Bxa8 Bh3 17. Bg2 Bxg2 18. Kxg2 Qxd4 19. Qc2 Rd8 20. Rb1 c3 21. Be3 Qd5+ 22. Kg1 a6 23. Qa4 h5 24. Qxa6 c2 25. Rf1 Ra8 26. Qd3 Qxd3 27. exd3 Rxa2 28. Rc1 Ra1 29. Kf1 Rxc1+ 30. Bxc1 g5 31. h3 Bc3 32. Ke2 Kg7 33. g4 Kg6 34. Ke3 e5 35. Ke4 h4 36. f3 f5+ 37. Ke3 Kf6 38. d4 Bxd4+ 39. Kd3 Bb6 40. Bb2 Ke6 41. Kxc2 e4 42. gxf5+ Kxf5 43. fxe4+ Kxe4 44. Bf6 Be3 45. Kd1 Kf3 46. Ke1 Kg3 47. Kf1 Kxh3 48. Bxg5 Bxg5 49. Kg1 Kg4 50. Kh1 Kf3 51. Kg1 1/2-1/2

[Event "South America-ch U16 Girls 12th"]
[Site "Santa Cruz"]
[Date "2015.12.05"]
[Round "5"]
[White "Varela Varas, Patricia"]
[Black "Strgacich, Aylen"]
[Result "0-1"]
[WhiteElo "1499"]
[BlackElo "1926"]
[PlyCount "75"]
[EventDate "2015.12.02"]
[EventType "swiss"]
[EventRounds "9"]
[EventCountry "BOL"]
[SourceTitle "CBM 170 Extra"]
[Source "ChessBase"]
[SourceDate "2016.02.25"]
[SourceVersion "1"]
[SourceVersionDate "2016.02.25"]
[SourceQuality "1"]

1. e4 c5 2. Nf3 d6 3. d4 cxd4 4. Nxd4 Nf6 5. Nc3 a6 6. Bg5 e6 7. f4 Qb6 8. Qd2 Qxb2 9. Rb1 Qa3 10. Bd3 Be7 11. 0-0 0-0 12. Kh1 b5 13. Rb3 Qc5 14. Nce2 h6 15. Rc3 Qb6 16. Bh4 Bb7 17. e5 dxe5 18. fxe5 Nd5 19. Bxe7 Nxe7 20. Rb3 Nd7 21. Nf3 Nc5 22. Rb4 Nxd3 23. cxd3 Nd5 24. Rd4 f5 25. exf6 Rxf6 26. Ng3 Raf8 27. Nh5 Rf5 28. Nxg7 Kxg7 29. Rh4 Rf4 30. Ng5 Kg6 31. Rfxf4 Rxf4 32. Rxf4 Nxf4 33. Ne4 Qd4 34. Qf2 Qxf2 35. Nxf2 Bxg2+ 36. Kg1 b4 37. Ng4 Bd5 38. Ne5+ 0-1

[Event "ARG-ch (Women)"]
[Site "Buenos Aires"]
[Date "2015.09.10"]
[Round "7"]
[White "Brizzi, Milagros Tatiana"]
[Black "Strgacich, Aylen"]
[Result "1-0"]
[WhiteElo "2003"]
[BlackElo "1923"]
[PlyCount "91"]
[EventDate "2015.09.04"]
[EventType "swiss"]
[EventRounds "8"]
[EventCountry "ARG"]
[SourceTitle "EXT 2016"]
[Source "ChessBase"]
[SourceDate "2015.10.08"]
[SourceVersion "1"]
[SourceVersionDate "2015.10.08"]
[SourceQuality "1"]

1. e4 c5 2. Nf3 Nc6 3. d4 cxd4 4. Nxd4 Nf6 5. Nc3 g6 6. Nxc6 bxc6 7. e5 Ng8 8. Bc4 Bg7 9. Bf4 Qc7 10. e6 Qxf4 11. exf7+ Kf8 12. fxg8Q+ Rxg8 13. Bxg8 Kxg8 14. 0-0 Rb8 15. Rb1 d5 16. Qe2 e5 17. Rfe1 e4 18. Qe3 Qf7 19. Qc5 Rb6 20. a4 Bf8 21. Qe3 c5 22. Ne2 Bb7 23. c3 Ba6 24. b3 Bd3 25. Rb2 Bc4 26. Nc1 Qb7 27. f3 exf3 28. Qxf3 Be7 29. Rf2 Rf6 30. Qe3 Rxf2 31. Kxf2 Bh4+ 32. g3 Qf7+ 33. Kg2 d4 34. Qe8+ Qxe8 35. Rxe8+ Kf7 36. bxc4 Kxe8 37. gxh4 dxc3 38. Kf3 Kf7 39. Ke4 Ke6 40. h3 c2 41. a5 h6 42. Nb3 Kf6 43. Kd5 Kf5 44. Kxc5 Ke5 45. Kb4 Kd6 46. Kc3 1-0

[Event "ARG-ch (Women)"]
[Site "Buenos Aires"]
[Date "2015.09.09"]
[Round "6"]
[White "Strgacich, Aylen"]
[Black "Alvarez Brito, Malena"]
[Result "1-0"]
[WhiteElo "1923"]
[BlackElo "1713"]
[PlyCount "77"]
[EventDate "2015.09.04"]
[EventType "swiss"]
[EventRounds "8"]
[EventCountry "ARG"]
[SourceTitle "EXT 2016"]
[Source "ChessBase"]
[SourceDate "2015.10.08"]
[SourceVersion "1"]
[SourceVersionDate "2015.10.08"]
[SourceQuality "1"]

1. d4 Nf6 2. c4 e6 3. Nf3 c5 4. d5 exd5 5. cxd5 d6 6. Nc3 Be7 7. g3 0-0 8. Bg2 Bf5 9. Nh4 Bg4 10. h3 Bh5 11. Qb3 Na6 12. 0-0 Rc8 13. Qxb7 Nb4 14. Qb5 Rb8 15. Qc4 Nd7 16. Nf5 Bf6 17. g4 Bg6 18. e4 Ne5 19. Qe2 c4 20. Ne3 Nbd3 21. f4 Nxc1 22. Rfxc1 Nd3 23. Rc2 h6 24. Nxc4 Bd4+ 25. Kh1 Nb4 26. Rd2 Bf6 27. a3 Na6 28. e5 dxe5 29. fxe5 Re8 30. Re1 Bg5 31. Rdd1 Nc5 32. b4 Nd7 33. e6 Qf6 34. Ne4 Bxe4 35. Bxe4 fxe6 36. dxe6 Nf8 37. Bd5 Re7 38. Qe5 Qxe5 39. Nxe5 1-0